000
00303 a2200145 4500
001
169509
020
_a
040
_c
Magnum
100
_a
Nunes, Cesar
240
1
0
_a
A educacao sexual da crianca
_l
por
245
1
0
_a
A educacao sexual da crianca
362
0
_a
1899
697
_a
GERAL
942
_c
BK
999
_c
169509
_d
169509